000 00536nam a2200217Ia 4500
001 42635
005 20240114003514.0
007 ta
008 080711s g b000 u 423 u
040 _aCotton College,Assam
041 _a423
082 _a891.55
_bPER
100 _aNA, .
245 0 _aPersian Poetry Selection for B.A & M.A /
_cNA.
_hTextual Documents
260 _aNa :
_bNa ,
_c1900.
653 _aPersian Poetry
653 _aT/g-Poetry
942 _2ddc
_cBK
999 _c42601
_d42601